Statistics for 2000-2020 NFL receiving TD leader(s) by year

Click here to take the quiz!

General Stats

  • This quiz has been taken 80 times
  • The average score is 16 of 27

Answer Stats

HintAnswerTDs% Correct
2000Randy Moss15
93%
2007Randy Moss23
93%
2003Randy Moss17
93%
2009Randy Moss13
93%
2018Antonio Brown15
82%
2008Calvin Johnson12
78%
2012James Jones14
76%
2011Rob Gronkowski17
74%
2020Davante Adams18
72%
2008Larry Fitzgerald12
68%
2009Larry Fitzgerald13
68%
2005Steve Smith12
66%
2006Terrell Owens13
66%
2001Terrell Owens16
66%
2002Terrell Owens13
66%
2017DeAndre Hopkins13
65%
2005Marvin Harrison12
57%
2014Dez Bryant16
53%
2013Jimmy Graham16
47%
2016Jordy Nelson14
47%
2015Brandon Marshall14
40%
2015Allen Robinson14
25%
2015Doug Baldwin14
25%
2019Kenny Golladay11
19%
2009Vernon Davis13
18%
2004Muhsin Muhammad16
16%
2010Dwayne Bowe15
15%

Score Distribution

Percentile by Number Answered

Percent of People with Each Score

Your Score History

You have not taken this quiz